El perro de los Baskerville (Registro nro. 16418)

Detalles MARC
000 -CABECERA
Longitud fija campo de control 00639nam a2200205 a 4500
001 - NÚMERO DE CONTROL
Número de control ES-MaREB00503986-1
003 - IDENTIFICADOR DELl NÚMERO DE CONTROL
Identificador del número de control OSt
005 - FECHA Y HORA DE LA ÚLTIMA TRANSACCIÓN
Fecha y hora de la última transacción 20141219142901.0
008 - CÓDIGOS DE INFORMACIÓN DE LONGITUD FIJA
Códigos de información de longitud fija 020628s1970 esp 001 1 spa d
040 ## - FUENTE DE LA CATALOGACIÓN
Centro transcriptor BMC
082 ## - NÚMERO DE LA CLASIFICACIÓN DECIMAL DEWEY
Númeroo de clasificación 823
100 1# - PUNTO DE ACCESO PRINCIPAL-NOMBRE DE PERSONA
Nombre de persona Doyle, Arthur Conan
9 (RLIN) 26271
245 13 - MENCIÓN DE TÍTULO
Título El perro de los Baskerville
Mención de responsabilidad, etc. Arthur Conan Doyle ; prólogo de F. Garcia Pavón ; [traducción, Ramiro Sánchez]
260 ## - PUBLICACIÓN, DISTRIBUCIÓN, ETC. (PIE DE IMPRENTA)
Lugar de publicación, distribución, etc. Madrid
Nombre del editor, distribuidor, etc. Salvat
Fecha de publicación, distribución, etc. 1970
300 ## - DESCRIPCIÓN FÍSICA
Extensión 168 p.
Dimensiones 18 cm
490 0# - MENCIÓN DE SERIE
Mención de serie Biblioteca básica Salvat. Libro RTV
Designación de volumen o secuencia 68
650 24 - PUNTO DE ACCESO ADICIONAL DE MATERIA - TÉRMINO DE MATERIA
9 (RLIN) 11162
Término de materia o nombre geográfico como elemento inicial Novela inglesa
700 1# - PUNTO DE ACCESO ADICIONAL - NOMBRE DE PERSONA
Nombre de persona García Pavón, Francisco
9 (RLIN) 774
Fechas asociadas al nombre 1919-1989
942 ## - ENTRADA DE ELEMENTOS AGREGADOS (KOHA)
Fuente de clasificaión o esquema Dewey Decimal Classification
Koha [por defecto] tipo de item 1- Monografias
Existencias
Suprimido Perdido Fuente de clasificación o esquema Estropeado Restricciones de uso No para préstamo Código de colección Localización permanente Localización actual Localización en estanter&íacute;as Fecha adquisición Fuente de adquisición Número de inventario Préstamos totales Signatura completa Código de barras Fecha última consulta Coste, precio reemplazado Fecha del precio de reemplazo Tipo de item de Koha
NULL NULL Dewey Decimal Classification NULL Prestable NULL NULL Biblioteca Miguel de Cervantes - UNICAES Biblioteca Miguel de Cervantes - UNICAES Sala Principal 06/12/2014 Donación - Enpade 025597   N DOY per 1026007 06/12/2014 8.49 06/12/2014 1- Monografias
NULL NULL Dewey Decimal Classification NULL Prestable NULL NULL Biblioteca Miguel de Cervantes - UNICAES Biblioteca Miguel de Cervantes - UNICAES Sala Principal 06/12/2014 Donación - ADESH 025598   N DOY per 1026008 06/12/2014 8.49 06/12/2014 1- Monografias